Linear regression and its application to economics / (Record no. 6544)
[ view plain ]
| 000 -LEADER | |
|---|---|
| fixed length control field | 00742nam a2200229 a 4500 |
| 001 - CONTROL NUMBER | |
| control field | 6544 |
| 003 - CONTROL NUMBER IDENTIFIER | |
| rucl marc code | BD-RjUL |
| 005 - DATE AND TIME OF LATEST TRANSACTION | |
| control field | 20211208234249.0 |
| 008 - FIXED-LENGTH DATA ELEMENTS--GENERAL INFORMATION | |
| fixed length control field | 14 t1963 nyu b 000 0 eng d |
| 035 ## - SYSTEM CONTROL NUMBER | |
| System control number | (BD-RjUL)6585 |
| System control number | (BD-RjUL) |
| 040 ## - CATALOGING SOURCE | |
| Original cataloging agency | ANL |
| Language of cataloging | eng |
| Transcribing agency | ANL |
| Modifying agency | BD-RjUL |
| 041 1# - LANGUAGE CODE | |
| Language code of text/sound track or separate title | engpol |
| 082 04 - DEWEY DECIMAL CLASSIFICATION NUMBER | |
| Classification number | 519.536 |
| Edition number | 23 |
| Author mark and year | HEL 1963 |
| 100 1# - MAIN ENTRY--PERSONAL NAME | |
| Personal name | Hellwig, Zdzislaw. |
| 9 (RLIN) | 20602 |
| 245 10 - TITLE STATEMENT | |
| Title | Linear regression and its application to economics / |
| Statement of responsibility, etc. | by Z. Hellwig ; Translated from the Polish by J. Stadler ; Translation edited by H. Infeld. |
| 260 ## - PUBLICATION, DISTRIBUTION, ETC. (IMPRINT) | |
| Place of publication, distribution, etc. | New York : |
| Name of publisher, distributor, etc. | Macmillan, |
| Date of publication, distribution, etc. | c1963. |
| 300 ## - PHYSICAL DESCRIPTION | |
| Pagination | xii, 411p. : |
| Illustrations | illus. ; |
| Size | 19 cm. |
| 650 #0 - SUBJECT ADDED ENTRY--TOPICAL TERM | |
| Topical term or geographic name as entry element | Regression Analysis |
| 9 (RLIN) | 20603 |
| Topical term or geographic name as entry element | Economics, Mathematical. |
| 9 (RLIN) | 155559 |
| 942 ## - ADDED ENTRY ELEMENTS (KOHA) | |
| Source of classification or shelving scheme | Dewey Decimal Classification |
| Koha item type | Books |
| Lost status | Source of classification or shelving scheme | Damaged status | Not for loan | Collection code | Permanent Location | Current Location | Shelving location | Date acquired | Source of acquisition | Cost, normal purchase price | Total Checkouts | Full call number | Date last seen | Copy number | Koha item type |
|---|---|---|---|---|---|---|---|---|---|---|---|---|---|---|---|
| Dewey Decimal Classification | Non-fiction | Central Library, University of Rajshahi | Central Library, University of Rajshahi | 29/10/1965 | Zeitlinger | 25.00 | 519.536 HEL 1963 | 11/01/2014 | C-2 | Books | |||||
| Dewey Decimal Classification | Non-fiction | Central Library, University of Rajshahi | Central Library, University of Rajshahi | 30/06/1996 | 519.536 HEL 1963 | 05/09/2016 | C-3 | Books |